Văn phạm Pháp văn

محفوظ في:
التفاصيل البيبلوغرافية
المؤلف الرئيسي: Nguyễn Kính Đốc
التنسيق: كتاب
اللغة:Undetermined
منشور في: Đồng Nai Nxb. Đồng Nai 1996
الموضوعات:
الوسوم: إضافة وسم
لا توجد وسوم, كن أول من يضع وسما على هذه التسجيلة!
Thư viện lưu trữ: Trung tâm Học liệu Trường Đại học Cần Thơ
LEADER 00481nam a2200169Ia 4500
001 CTU_4430
008 210402s9999 xx 000 0 und d
082 |a 445 
082 |b Đ451 
100 |a Nguyễn Kính Đốc 
245 0 |a Văn phạm Pháp văn 
245 0 |c Nguyễn Kính Đốc 
260 |a Đồng Nai 
260 |b Nxb. Đồng Nai 
260 |c 1996 
650 |a french language - grammar 
980 |a Trung tâm Học liệu Trường Đại học Cần Thơ